| 000 | 00426nam a2200157Ia 4500 | ||
|---|---|---|---|
| 003 | SGT | ||
| 020 | _a9788189757601 | ||
| 082 |
_a530 _bDOG |
||
| 100 | _aDogra,Rakesh | ||
| 245 | _aEngineering physics | ||
| 260 |
_bS.K. Kataria & SONS _aN.Delhi _c2009 |
||
| 300 | _a492p. | ||
| 650 | _aENGINEERING PHYSICS | ||
| 653 | _aRELATIVISTIC MECHANICS, DIFFRACTION , POLARIZATION, LASERS,FIBER OPTICS AND HOLOGRAPHY | ||
| 942 |
_2ddc _cBK |
||
| 999 |
_c4932 _d4932 |
||